The noble scholar, jurist, historian


 His Excellency Dr. Abdul Wahhab bin Ibrahim Abu Sulaiman, may Allah have mercy on him.


 He was born in Umm Al-Qura in the year 1356 AH.

التوسل : (Record no. 4106)

MARC details
000 -LEADER
fixed length control field 01560cam a22003131i 4500
003 - CONTROL NUMBER IDENTIFIER
control field SA-RiAUC
005 - DATE AND TIME OF LATEST TRANSACTION
control field 20241230082247.0
008 - FIXED-LENGTH DATA ELEMENTS--GENERAL INFORMATION
fixed length control field 241227s1997 su g 000 0 ara c
020 ## - INTERNATIONAL STANDARD BOOK NUMBER
International Standard Book Number 9960719235
040 ## - CATALOGING SOURCE
Original cataloging agency SA-RiAUC
Language of cataloging ara
Transcribing agency SA-RiAUC
Description conventions rda
082 04 - DEWEY DECIMAL CLASSIFICATION NUMBER
Classification number 243
Assigning agency SA-RiAUC
090 ## - LOCALLY ASSIGNED LC-TYPE CALL NUMBER (OCLC); LOCAL CALL NUMBER (RLIN)
Classification number (OCLC) (R) ; Classification number, CALL (RLIN) (NR) 243
Local cutter number (OCLC) ; Book number/undivided call number, CALL (RLIN) ع ث ي
100 1# - MAIN ENTRY--PERSONAL NAME
Personal name العثيمين، محمد بن صالح بن محمد،
Dates associated with a name 1347-1421 هجري
Relator term مؤلف.
245 12 - TITLE STATEMENT
Title التوسل :
Remainder of title حكمه وأقسامه /
Statement of responsibility, etc. محمد بن صالح العثيمين، محمد بن ناصر الدين الألباني. يليه أحاديث وآثار وقصص ضعيفة وموضوعة في التوسل / ابن تيمية [ومجموعة آخرون]؛ جمع وإعداد أبو أنس علي بن حسين أبو لوز.
250 ## - EDITION STATEMENT
Edition statement الطبعة الأولى.
264 #1 - PRODUCTION, PUBLICATION, DISTRIBUTION, MANUFACTURE, AND COPYRIGHT NOTICE
Place of production, publication, distribution, manufacture الرياض :
Name of producer, publisher, distributor, manufacturer دار ابن خزيمة،
Date of production, publication, distribution, manufacture, or copyright notice 1997
300 ## - PHYSICAL DESCRIPTION
Extent 143 صفحة ؛
Dimensions 24 سم
336 ## - CONTENT TYPE
Content type term نص
Content type code txt
Source rdacontent
Materials specified كتاب
337 ## - MEDIA TYPE
Media type term بدون وسيط
Media type code n
Source rdamedia
338 ## - CARRIER TYPE
Carrier type term مجلد
Carrier type code nc
Source rdacarrier
650 #7 - SUBJECT ADDED ENTRY--TOPICAL TERM
Topical term or geographic name entry element علم الكلام
Source of heading or term aucsh
650 #7 - SUBJECT ADDED ENTRY--TOPICAL TERM
Topical term or geographic name entry element التوسل
Source of heading or term aucsh
700 1# - ADDED ENTRY--PERSONAL NAME
Personal name الألباني، محمد ناصر الدين،
Dates associated with a name 1914-1999
Relator term مؤلف.
700 1# - ADDED ENTRY--PERSONAL NAME
Personal name أبو لوز، علي بن حسين
Relator term جامع.
700 1# - ADDED ENTRY--PERSONAL NAME
Personal name ابن تيمية، أحمد بن عبد الحليم بن عبد السلام،
Dates associated with a name 661-728 هجري
740 0# - ADDED ENTRY--UNCONTROLLED RELATED/ANALYTICAL TITLE
Uncontrolled related/analytical title أحاديث وآثار وقصص ضعيفة وموضوعة في التوسل.
942 ## - ADDED ENTRY ELEMENTS (KOHA)
Source of classification or shelving scheme Dewey Decimal Classification
Koha item type Books
Suppress in OPAC No
949 ## - LOCAL PROCESSING INFORMATION (OCLC)
a SA-JeALM
d 241227
u mohamedma123
n 1
Holdings
Withdrawn status Lost status Source of classification or shelving scheme Damaged status Not for loan Home library Current library Date acquired Total checkouts Full call number Barcode Date last seen Price effective from Koha item type
    Dewey Decimal Classification     DR AbdElwahab Library DR AbdElwahab Library 12/30/2024   243 ع ث ي 000006971 12/30/2024 12/30/2024 Books